| Tag |
First Indicator |
Second Indicator |
Subfields |
| LEADER |
00000cam a2200000Ma 4500 |
| 001 |
in00002783319 |
| 005 |
20150922144730.0 |
| 008 |
120827s2012 enk b 001 0 eng d |
| 020 |
|
|
|a 9780715638576 (hbk.)
|
| 020 |
|
|
|a 0715638572 (hbk.)
|
| 035 |
|
|
|a (OCoLC)ocn809076842
|
| 035 |
|
|
|a (OCoLC)809076842
|
| 040 |
|
|
|a StSaUL
|c AUD
|d OCLCO
|d STF
|d YDXCP
|d BWX
|d UtOrBLW
|
| 041 |
1 |
|
|a eng
|h grc
|
| 049 |
|
|
|a TXAM
|
| 050 |
|
4 |
|a Q151.A8
|b S5 2012
|
| 100 |
0 |
|
|a Simplicius,
|c of Cilicia.
|
| 240 |
1 |
0 |
|a On Aristotle's Physics 1.5-9.
|l English
|
| 245 |
1 |
0 |
|a On Aristotle Physics 1.5-9 /
|c Simplicius ; translated by Hans Baltussen [and others].
|
| 264 |
|
1 |
|a Bristol :
|b Bristol Classical Press,
|c [2012]
|
| 264 |
|
4 |
|c ©2012
|
| 300 |
|
|
|a 169 pages ;
|c 24 cm.
|
| 336 |
|
|
|a text
|b txt
|2 rdacontent
|
| 337 |
|
|
|a unmediated
|b n
|2 rdamedia
|
| 338 |
|
|
|a volume
|b nc
|2 rdacarrier
|
| 490 |
1 |
|
|a Ancient commentators on Aristotle
|
| 504 |
|
|
|a Includes bibliographical references and indexes.
|
| 546 |
|
|
|a Translated from the Ancient Greek.
|
| 600 |
0 |
0 |
|a Aristotle.
|t Physics.
|
| 650 |
|
0 |
|a Space and time
|v Early works to 1800.
|
| 650 |
|
0 |
|a Physics
|v Early works to 1800.
|
| 700 |
1 |
|
|a Baltussen, Han.
|
| 740 |
0 |
|
|a Simplicius, On Aristotle Physics 1.5-9.
|
| 830 |
|
0 |
|a Ancient commentators on Aristotle.
|
| 938 |
|
|
|a YBP Library Services
|b YANK
|n 2990949
|
| 938 |
|
|
|a Blackwell Book Service
|b BBUS
|n 2990949
|
| 947 |
|
|
|a A14836005768
|
| 945 |
|
|
|a PromptCat
|b 99173
|
| 946 |
|
|
|a stk
|
| 994 |
|
|
|a 92
|b TXA
|
| 948 |
|
|
|a Cataloged
|b h
|c 2012/11/21
|d c
|e EGrant
|
| 999 |
|
|
|a MARS
|
| 999 |
f |
f |
|s 959daea1-bf13-34c7-8da8-51b5f56a7473
|i ee229522-5085-3ad0-b811-30f3d897518f
|t 0
|
| 952 |
f |
f |
|p ric
|a Texas A&M University
|b Rellis Campus
|c Joint Library Facility
|d Remote Storage
|t 0
|e Q151.A8 S5 2012
|h Library of Congress classification
|i unmediated -- volume
|m A14836005768
|
| 998 |
f |
f |
|a Q151.A8 S5 2012
|t 0
|l Remote Storage
|